000
00321nam a2200145Ia 4500
008
191201s2004 xx 000 0 und d
082
_a
540
_b
FIC
100
_a
FINAR, I L
245
0
_a
Chemistry
250
_a
6th
260
_a
N.Delhi
_b
Pearson Education
_c
2004
300
_a
965
650
_a
Applied
942
_2
ddc
_c
BK
999
_c
1714
_d
1714